000 00310nam a22001337a 4500
008 170728b xxu||||| |||| 00| 0 eng d
020 _a9780761909224
041 _aeng
080 _a004
100 _a31
101 _aSHK
245 _aTHE USES AND MISUSES OF DATA AND MODELS
_cBRADLEY,W.J
942 _2udc
_cBK
999 _c22108
_d22108